Statistics for Good Grief - Bastille - All Lyrics

Click here to take the quiz!

General Stats

  • This quiz has been taken 17 times
  • The average score is 322 of 349

Answer Stats

Answer% Correct
a
100%
And
100%
and
100%
are
100%
count
100%
eyes
100%
fingers
100%
goes
100%
I
100%
In
100%
in
100%
It
100%
it?
100%
my
100%
one
100%
One
100%
other,
100%
out
100%
Shut
100%
ten
100%
the
100%
through
100%
to
100%
Watching
100%
all
92%
as
92%
away
92%
be
92%
call
92%
can
92%
clear
92%
control
92%
day
92%
each
92%
ear
92%
easily
92%
every
92%
Every
92%
excuse
92%
far
92%
floor
92%
fool
92%
gonna
92%
have
92%
hour
92%
if
92%
I’ve
92%
left
92%
lost
92%
me
92%
melody
92%
might
92%
minute
92%
misfire
92%
miss
92%
more
92%
not
92%
of
92%
off
92%
oh
92%
Oh
92%
Pick
92%
picture
92%
Picture
92%
place
92%
place,
92%
put
92%
Put
92%
senses
92%
so
92%
So
92%
stumble
92%
up,
92%
up
92%
What’s
92%
Whistling
92%
whistling
92%
words
92%
world,
92%
world?
92%
world
92%
You
92%
you,
92%
you
92%
your
92%
you’re
92%
bright
83%
burn
83%
Crystallizing
83%
drunk,
83%
end
83%
get
83%
right
83%
see
83%
Shame
83%
shame
83%
such
83%
them
83%
'til
83%
we
83%
at
75%
Burning
75%
'Cause
75%
clothes
75%
Dancing
75%
dancing
75%
favourite
75%
from
75%
funeral
75%
It’s
75%
love
75%
Now
75%
photographs
75%
Sleeping
75%
thoughts
75%
by
67%
guard
67%
I’ll
67%
missing
67%
Missing
67%
song
67%
you’ll
67%
Caught
58%
had
58%

Score Distribution

Percentile by Number Answered

Percent of People with Each Score

Your Score History

You have not taken this quiz